00520 2200205 4500001002100000005001500021035002000036007000300056008004100059020001500100082001000115084001600125100001900141245005800160250001000218260003600228300003300264990000800297990000900305INLIS00000000001355420220719094018 a0010-0722001038ta220719 g 0 ind  a9793034610 a780.2 a780.2 ASR p0 aASRIADI, Derry1 aPanduan mengiringi lagu dengan gitar /cDerry Asriadi acet.1 aJakarta :bKawan Pustaka,c2005 avi, 98 hlm ;c15,5 x 23,5 cm a490 a490a